000 00685nam a2200265Ia 4500
005 20260121172700.0
008 008 260114s9999 xx 000 0 eng d
020 _a9783030727598
037 _aEBOOK
040 _aCRL
040 _beng
040 _cCRL
041 _2eng
041 _aeng
084 _qCRL
100 _aSaonee Sarker, Manju Ahuja, Suprateek Sarker, Kirsten M. Bullock
_91091420
245 0 _aNavigating Work and Life Boundaries
260 _bSpringer
260 _bSpringer
260 _c2021
856 _uhttps://link.springer.com/openurl?genre=book&isbn=978-3-030-72759-8
942 _cEBOOK
999 _c1657160
_d1657160